| 000 | 00391cam a22001217a 4500 | ||
|---|---|---|---|
| 008 | 180718b1973 xxu||||| |||| 00| 0 eng d | ||
| 082 | _aB31 B578 | ||
| 100 | _aBlaise, Hans C. | ||
| 245 |
_aDeveloping management competence _cby Hans C. Blaise |
||
| 260 |
_aNew Delhi _bIndian Institute of Public Administration _c1973 |
||
| 300 | _a29p. | ||
| 650 | _aPublic Administration - Underdeveloped Areas | ||
| 999 |
_c476460 _d476460 |
||